O divórcio perfeito (Record no. 2007)

MARC details
000 -Etiqueta do registo
Valores 00749nam a2200265 4500
010 ## - Número ISBN
ISBN 9789897736353
021 ## - Número do Depósito Legal
Código do país Portugal
Número 549205/25
100 ## - Dados gerais de processamento
Dados gerais 20251124d2025 m||y0pory50030103ba
101 ## - Língua de publicação
Língua Português
102 ## - País de publicação
País Portugal
200 ## - Titulo e menção de responsabilidade
Título próprio O divórcio perfeito
Primeira menção de responsabilidade Jeneva Rose
Outras menções de responsabilidade trad. Fernanda Semedo
205 ## - Menção da edição
Edição 1ª edição
210 ## - Publicação
Local de publicação S. Pedro Estoril
Nome do editor Saída de Emergência
Data de publicação 2025
215 ## - Descrição física 
Paginação / Volumes 285, [2] p.
Dimensões 23 cm
300 ## - Notas gerais 
Texto da nota BMB-Registado
304 ## - Nota relativa ao título
Texto de nota Tít. orig.: The perfect divorce
606 ## - Nome comum usado como assunto
ID Autoridade 795
Palavra de ordem Literatura Americana
606 ## - Nome comum usado como assunto
ID Autoridade 778
Palavra de ordem Romance Policial
675 ## - CDU
Notação 821.111(73)-312.4
Edição BMB
Língua por
700 ## - Autor principal (pessoa individual)
Apelido Rose
Nome Jeneva
ID Autoridade 2881
702 ## - Autor secundário (pessoa individual)
Apelido Semedo
Nome Fernanda
Função Tradutor
ID Autoridade 1794
801 ## - Fonte de origem
País PT
Agência BMB
Regras de catalogação RPC
990 ## - Elementos KOHA
Tipo de documento Livro
Holdings
Situação do levantamento Estado Número Biblioteca de origem Código de barras Cota Permissão de empréstimo Tipo de documento Forma de aquisição
    1 Biblioteca Municipal de Borba 1957 821.111(73)-312.4 ROS / DIV   Livro Compra
Biblioteca Municipal de Borba

Powered by Koha